<?xml version="1.0" encoding="UTF-8"?>
<record
    xmlns:xsi="http://www.w3.org/2001/XMLSchema-instance"
    xsi:schemaLocation="http://www.loc.gov/MARC21/slim http://www.loc.gov/standards/marcxml/schema/MARC21slim.xsd"
    xmlns="http://www.loc.gov/MARC21/slim">

  <leader>00982nam a2200193 i 4500</leader>
  <controlfield tag="001">189521</controlfield>
  <controlfield tag="003">ES-MaACL</controlfield>
  <controlfield tag="005">20230906223507.0</controlfield>
  <controlfield tag="008">190606m18771894gw           |||| | ger d</controlfield>
  <datafield tag="245" ind1="0" ind2="0">
    <subfield code="a">Montanstatistik des Deutschen Reichs und Luxemburgs </subfield>
    <subfield code="b">: umfassend die produktion der bergwerke, salinen und h&#xFC;tten und die verarbeitung des roheisens : im Jahre 1875, mit Jahresnachweisen seit 1866 / </subfield>
    <subfield code="c">Herausgegeben vom Kaiselichen Amt.</subfield>
  </datafield>
  <datafield tag="246" ind1="3" ind2=" ">
    <subfield code="a">Monatshefte zur Statistik des Deutschen Reichs</subfield>
  </datafield>
  <datafield tag="260" ind1=" " ind2=" ">
    <subfield code="a">Berlin : </subfield>
    <subfield code="b">Puttkammer &amp; M&#xFC;hlbrecht, </subfield>
    <subfield code="c">1877-1894.</subfield>
  </datafield>
  <datafield tag="300" ind1=" " ind2=" ">
    <subfield code="a">1 v. (pag. variada) ; </subfield>
    <subfield code="c">32 cm.</subfield>
  </datafield>
  <datafield tag="595" ind1=" " ind2=" ">
    <subfield code="a">Separatabdruck aus dem Februarheft der Monatshefte zur Statistik des Deutschen Reichs, Jahrgang 1877.</subfield>
  </datafield>
  <datafield tag="650" ind1=" " ind2="4">
    <subfield code="a">Industria metal&#xFA;rgica-</subfield>
    <subfield code="z">Alemania.</subfield>
    <subfield code="9">167299</subfield>
  </datafield>
  <datafield tag="650" ind1=" " ind2="4">
    <subfield code="a">Industria metal&#xFA;rgica-</subfield>
    <subfield code="z">Luxemburgo.</subfield>
    <subfield code="9">167300</subfield>
  </datafield>
  <datafield tag="650" ind1=" " ind2="4">
    <subfield code="a">Minas-</subfield>
    <subfield code="z">Alemania.</subfield>
    <subfield code="9">167308</subfield>
  </datafield>
  <datafield tag="852" ind1=" " ind2=" ">
    <subfield code="a">ES-MaACL</subfield>
    <subfield code="j">L-32427 </subfield>
    <subfield code="z">- Enc. hol. </subfield>
    <subfield code="z">. - Legado Federico de Botella y de Hornos</subfield>
  </datafield>
  <datafield tag="999" ind1=" " ind2=" ">
    <subfield code="c">189521</subfield>
    <subfield code="d">189521</subfield>
  </datafield>
  <datafield tag="952" ind1=" " ind2=" ">
    <subfield code="0">0</subfield>
    <subfield code="1">0</subfield>
    <subfield code="4">0</subfield>
    <subfield code="7">0</subfield>
    <subfield code="8">LIBXIX</subfield>
    <subfield code="a">ATENEOM</subfield>
    <subfield code="b">ATENEOM</subfield>
    <subfield code="c">DEPO2</subfield>
    <subfield code="d">2019-06-06</subfield>
    <subfield code="e">DON</subfield>
    <subfield code="l">0</subfield>
    <subfield code="o">L-32427</subfield>
    <subfield code="p">1200818</subfield>
    <subfield code="r">2023-02-23 00:00:00</subfield>
    <subfield code="w">2023-02-23</subfield>
    <subfield code="y">MONANT</subfield>
  </datafield>
</record>
